000 00259nam a2200097Ia 4500
001 1002900
005 20250826230439.0
008 250824s9999 xx 000 0 und d
245 0 _aKUŞKULU KUŞKONMAZ
_cGÖKNUR BİRİNCİOĞLU
260 _bHEP KİTAP YAYINLARI
999 _c1002900
_d1002900